| 000 | 00481cam a2200193ua 4500 | ||
|---|---|---|---|
| 020 | _c12.60 | ||
| 041 |
_aeng _h |
||
| 082 |
_a335.43 _bSCH/RU |
||
| 100 | _aSchwartz, Harry . | ||
| 245 |
_aRussia`s soviet economy / _cHarry Schwartz. _hTextual Documents |
||
| 250 |
_a2 / _b. |
||
| 260 |
_aNew Delhi : _bPrentice Hall of India Pvt Ltd. , _c1963. |
||
| 300 | _a682 ; . | ||
| 365 | _a12.60 | ||
| 504 | _a | ||
| 942 | _cBK | ||
| 999 |
_c2122 _d2122 |
||